Managing financial resources / (Record no. 344969)

000 -LEADER
fixed length control field 01187 a2200229 4500
020 ## - INTERNATIONAL STANDARD BOOK NUMBER
International Standard Book Number 075060669X
020 ## - INTERNATIONAL STANDARD BOOK NUMBER
International Standard Book Number 9780750606691
082 04 - DEWEY DECIMAL CLASSIFICATION NUMBER
Classification number 658.15
090 ## - LOCALLY ASSIGNED LC-TYPE CALL NUMBER (OCLC); LOCAL CALL NUMBER (RLIN)
-- 2472
-- 2472
100 1# - MAIN ENTRY--PERSONAL NAME
Personal name Broadbent, Michael.
245 10 - TITLE STATEMENT
Title Managing financial resources /
Statement of responsibility, etc. Michael Broadbent.
260 ## - PUBLICATION, DISTRIBUTION, ETC.
Place of publication, distribution, etc. [S.l.] :
Name of publisher, distributor, etc. Butterworth-Heinemann,
Date of publication, distribution, etc. 1993.
300 ## - PHYSICAL DESCRIPTION
Extent 384 p. ;
Dimensions 23 cm.
490 1# - SERIES STATEMENT
Series statement Institute of management foundation.
500 ## - GENERAL NOTE
General note Paperback.
520 ## - SUMMARY, ETC.
Summary, etc. Suitable for managers on Certificate in Management programmes or Part I of Diploma in Management programmes accredited by BTEC or CNAA. Real examples and case studies are used throughout to illustrate points in a practical context. The book covers financial planning, including statistical and cost analysis, basic accounting procedures, methods of improving profitability and techniques of financial monitoring and control.
700 1# - ADDED ENTRY--PERSONAL NAME
Personal name Cullen, John.
830 #0 - SERIES ADDED ENTRY--UNIFORM TITLE
Uniform title Institute of management foundation.
856 40 - ELECTRONIC LOCATION AND ACCESS
Materials specified Amazon.com
Uniform Resource Identifier <a href="http://www.amazon.com/exec/obidos/ASIN/075060669X/chopaconline-20">http://www.amazon.com/exec/obidos/ASIN/075060669X/chopaconline-20</a>
856 40 - ELECTRONIC LOCATION AND ACCESS
Materials specified Amazon customer reviews
Uniform Resource Identifier <a href="http://www.chopac.org/cgi-bin/tools/azrev.pl?q=075060669X">http://www.chopac.org/cgi-bin/tools/azrev.pl?q=075060669X</a>
942 ## - ADDED ENTRY ELEMENTS (KOHA)
Institution code [OBSOLETE] NBS
Koha item type Book
Call number prefix 658.15 BRO
Holdings
Withdrawn status Lost status Damaged status Not for loan Permanent Location Current Location Date acquired Total Checkouts Full call number Barcode Date last seen Price effective from Koha item type
        Central Library (CL) Central Library (CL) 08/28/2013   658.15 BRO NBS1292 08/28/2013 08/28/2013 Book
        Central Library (CL) Central Library (CL) 08/28/2013   658.15 BRO NBS1293 08/28/2013 08/28/2013 Book
        Central Library (CL) Central Library (CL) 08/28/2013   658.15 BRO NBS86 08/28/2013 08/28/2013 Book
        Central Library (CL) Central Library (CL) 08/28/2013   658.15 BRO NBS836 08/28/2013 08/28/2013 Book
© 2023 Central Library, National University of Sciences and Technology. All Rights Reserved.